[Event "Regionalliga Ost 1718 (Women)"]
[Site "Germany"]
[Date "2017.11.19"]
[Round "2.2"]
[White "Kosovska, Olena"]
[Black "Weyprecht, Ria"]
[Result "1-0"]
[WhiteElo "1880"]
[BlackElo "1394"]
[PlyCount "35"]
[EventDate "2017.10.15"]
[EventType "team-tourn"]
[EventRounds "5"]
[EventCountry "GER"]
[SourceTitle "CBM 183 Extra"]
[Source "ChessBase"]
[SourceDate "2018.04.19"]
[SourceVersion "1"]
[SourceVersionDate "2018.04.19"]
[SourceQuality "1"]
[WhiteTeam "Dresden Gruen Weiss (W)"]
[BlackTeam "Chemnitz USG (W)"]
[WhiteTeamCountry "GER"]
[BlackTeamCountry "GER"]

1. e4 c5 2. Nc3 Nc6 3. f4 e6 4. Nf3 d6 5. Bc4 Nf6 6. d3 a6 7. a3 b5 8. Ba2 Bb7 9. 0-0 Be7 10. e5 Nd7 11. f5 Ndxe5 12. fxe6 f6 13. Nxe5 Nxe5 14. Qh5+ Ng6 15. Nd5 0-0 16. Rf3 Qe8 17. Rh3 h6 18. Bxh6 1-0